[Event "Coventry International"]
[Site "Coventry"]
[Date "2025.10.27"]
[Round "3.6"]
[White "Talab, Rami"]
[Black "Gormally, Daniel W"]
[Result "1/2-1/2"]
[WhiteElo "2052"]
[BlackElo "2396"]
[PlyCount "42"]
[EventDate "2025.10.26"]
[EventType "swiss"]
[EventRounds "9"]
[EventCountry "ENG"]
[SourceTitle "BritBase"]
[Source "John Saunders"]
[SourceDate "2025.10.31"]
[SourceVersion "1"]
[SourceVersionDate "2025.10.31"]
[SourceQuality "1"]

1. d4 Nf6 2. Nf3 g6 3. c4 Bg7 4. Nc3 d5 5. g3 O-O 6. Bg2 dxc4 7. Qa4 Nc6 8. Qxc4 Nd7 9. e3 e5 10. d5 e4 11. Qxe4 Bxc3+ 12. bxc3 Nf6 13. Qc4 Qxd5 14. Qxd5 Nxd5 15. Nd4 Nxc3 16. Nxc6 bxc6 17. Bb2 Nd5 18. O-O Be6 19. a3 Rab8 20. Bd4 Rb7 21. Rfc1 Bd7 1/2-1/2

[Event "Coventry International"]
[Site "Coventry"]
[Date "2025.10.27"]
[Round "3.7"]
[White "Wang, Hao ZJ"]
[Black "Arun, Nitish"]
[Result "0-1"]
[WhiteElo "2424"]
[BlackElo "2094"]
[PlyCount "46"]
[EventDate "2025.10.26"]
[EventType "swiss"]
[EventRounds "9"]
[EventCountry "ENG"]
[SourceTitle "BritBase"]
[Source "John Saunders"]
[SourceDate "2025.10.31"]
[SourceVersion "1"]
[SourceVersionDate "2025.10.31"]
[SourceQuality "1"]

1. c4 b6 2. Nf3 Bb7 3. e3 Nf6 4. b3 e6 5. Bb2 c5 6. d4 Be7 7. Nbd2 O-O 8. Bd3 cxd4 9. exd4 d5 10. Qe2 Nc6 11. Rc1 Rc8 12. O-O Bd6 13. a3 Qe7 14. b4 dxc4 15. Nxc4 Bf4 16. Rc2 Nb8 17. g3 Bh6 18. Nfe5 Rfd8 19. f4 g6 20. Rfc1 Nd5 21. Ne3 Rxc2 22. Nxd5 Rxc1+ 23. Bxc1 Bxd5 0-1

[Event "Coventry International"]
[Site "Coventry"]
[Date "2025.10.27"]
[Round "3.8"]
[White "Verbytski, Oleg"]
[Black "Golubka, Petr"]
[Result "0-1"]
[WhiteElo "2092"]
[BlackElo "2385"]
[PlyCount "84"]
[EventDate "2025.10.26"]
[EventType "swiss"]
[EventRounds "9"]
[EventCountry "ENG"]
[SourceTitle "BritBase"]
[Source "John Saunders"]
[SourceDate "2025.10.31"]
[SourceVersion "1"]
[SourceVersionDate "2025.10.31"]
[SourceQuality "1"]

1. e4 e6 2. d4 d5 3. Nd2 h6 4. Bd3 Nf6 5. e5 Nfd7 6. c3 c5 7. Ne2 Nc6 8. Nf3 g5 9. h3 Be7 10. Be3 a5 11. a4 b6 12. Ng3 h5 13. Qc1 h4 14. Ne2 Rg8 15. Nh2 Ncxe5 16. dxe5 Nxe5 17. Bb5+ Bd7 18. Bxd7+ Qxd7 19. Qc2 f5 20. b3 Rc8 21. Rd1 Nf7 22. O-O Bd6 23. f4 Qc7 24. Qd3 Rg7 25. Rf2 Ke7 26. Nf1 g4 27. hxg4 Rxg4 28. Nh2 Rg6 29. Nf3 Rh8 30. Kf1 h3 31. g3 Nh6 32. Nh2 Rgg8 33. Kg1 Qc6 34. Qb5 Qc7 35. Rf3 Qb7 36. Kh1 Ng4 37. Ng1 d4 38. cxd4 Nxe3 39. dxc5 Bxc5 40. Rc1 Qd5 41. Re1 Rxg3 42. Rexe3 Bxe3 0-1

[Event "Coventry International"]
[Site "Coventry"]
[Date "2025.10.27"]
[Round "3.9"]
[White "Mirzoeva, Elmira"]
[Black "Luk, Danbe"]
[Result "1-0"]
[WhiteElo "2300"]
[BlackElo "2131"]
[PlyCount "97"]
[EventDate "2025.10.26"]
[EventType "swiss"]
[EventRounds "9"]
[EventCountry "ENG"]
[SourceTitle "BritBase"]
[Source "John Saunders"]
[SourceDate "2025.10.31"]
[SourceVersion "1"]
[SourceVersionDate "2025.10.31"]
[SourceQuality "1"]

1. d4 Nf6 2. c4 e6 3. Nf3 d5 4. Nc3 c5 5. e3 Nc6 6. a3 dxc4 7. Bxc4 a6 8. O-O b5 9. Bd3 Bb7 10. Ne4 Nxe4 11. Bxe4 Be7 12. dxc5 Qxd1 13. Rxd1 Bxc5 14. b4 Be7 15. Bb2 Rc8 16. Rac1 f5 17. Bxc6+ Rxc6 18. Rxc6 Bxc6 19. Rc1 Bd5 20. Rc7 Kd8 21. Ra7 Re8 22. Bd4 g5 23. Ne5 Kc8 24. Rxa6 Bf6 25. Nf7 Kb7 26. Ra7+ Kb8 27. Bc5 e5 28. Nd6 Rd8 29. Rxh7 e4 30. g3 f4 31. Nxb5 Bg8 32. Rh6 Rd1+ 33. Kg2 f3+ 34. Kh3 Be6+ 35. g4 Rg1 36. Bd6+ Kb7 37. Bg3 Be5 38. Rxe6 Bxg3 39. Nd6+ Kb8 40. Re8+ Ka7 41. Nxe4 Bc7 42. Nxg5 Rg2 43. Nxf3 Rxf2 44. Rf8 Bxh2 45. Rf7+ Kb6 46. g5 Bd6 47. g6 Rc2 48. Rf6 Rc6 49. g7 1-0

[Event "Coventry International"]
[Site "Coventry"]
[Date "2025.10.27"]
[Round "3.10"]
[White "Balaji, Aaravamudhan"]
[Black "Burrows, Martin P"]
[Result "1-0"]
[WhiteElo "2288"]
[BlackElo "2088"]
[PlyCount "257"]
[EventDate "2025.10.26"]
[EventType "swiss"]
[EventRounds "9"]
[EventCountry "ENG"]
[SourceTitle "BritBase"]
[Source "John Saunders"]
[SourceDate "2025.10.31"]
[SourceVersion "1"]
[SourceVersionDate "2025.10.31"]
[SourceQuality "1"]

1. d4 Nf6 2. c4 e6 3. Nc3 Bb4 4. e3 O-O 5. Bd3 c5 6. Nf3 d5 7. O-O cxd4 8. exd4 dxc4 9. Bxc4 b6 10. Re1 Bb7 11. Bd3 Nbd7 12. a3 Bxc3 13. bxc3 Qc7 14. c4 Rfe8 15. Bg5 Nf8 16. Bh4 Ng6 17. Bg3 Qc6 18. Qb3 Red8 19. Bf1 Nh5 20. a4 Nxg3 21. hxg3 Qc7 22. Red1 Ne7 23. a5 Rab8 24. axb6 axb6 25. Ne1 Nf5 26. Qb2 Rd6 27. Nc2 Rbd8 28. Bd3 Qc6 29. Bf1 h5 30. Rab1 Ba8 31. d5 Qc5 32. Qe5 g6 33. Bd3 Nh6 34. Ne3 exd5 35. cxd5 Ng4 36. Nxg4 hxg4 37. Rb5 Qc8 38. Bf1 Qd7 39. Bc4 Qc8 40. Qf4 Qd7 41. Qg5 Re8 42. Rb4 Rd8 43. Bb3 Rc8 44. Rxg4 Qb5 45. Qe3 Bb7 46. Rgd4 Re8 47. Qc3 Rc8 48. Qe3 Re8 49. Qf4 Qc5 50. Rc4 Qa3 51. Rc7 Rf8 52. Rxb7 Qxb3 53. Qd4 Rfd8 54. Re1 Qxd5 55. Qxd5 Rxd5 56. Ree7 Rf5 57. f4 Rf6 58. Kf2 g5 59. Kf3 Rd4 60. Ke3 Rb4 61. fxg5 Rc6 62. Rxf7 Re6+ 63. Kf3 Rc6 64. Rf4 Rb3+ 65. Kg4 b5 66. Rf3 Rb4+ 67. Kh5 Rb1 68. Rf6 Rh1+ 69. Kg6 Rc8 70. Rxb5 Rh7 71. Kf5 Rd7 72. Re5 Rdc7 73. Kg4 Kg7 74. Kh5 Rh8+ 75. Rh6 Rhc8 76. Ree6 Kg8 77. Ra6 Rb7 78. Ra4 Rbc7 79. Rf4 Kg7 80. Kg4 Rc5 81. Rhf6 R8c7 82. Rh6 Rc8 83. Kh5 R8c7 84. Rg6+ Kh7 85. Rh6+ Kg7 86. Rh4 Rb7 87. Rh1 Rbb5 88. Rg6+ Kh7 89. Rf1 Rb7 90. Rf8 Rc1 91. Ra6 Rh1+ 92. Kg4 Kg7 93. Rff6 Rb4+ 94. Rf4 Rb7 95. g6 Rh6 96. Rff6 Rb4+ 97. Kf3 Rb3+ 98. Ke4 Rb4+ 99. Kd3 Rb3+ 100. Kc4 Rb7 101. Rae6 Rh5 102. Kd4 Ra5 103. Ke3 Rb3+ 104. Kf2 Ra2+ 105. Kg1 Rb7 106. Kh2 Ra8 107. Rf4 Rh8+ 108. Rh4 Rh6 109. Re8 Rxg6 110. Reh8 Rbb6 111. Kh3 Rb3 112. R4h7+ Kf6 113. Rf8+ Kg5 114. Rh4 Rb7 115. g4 Rgg7 116. Rf5+ Kg6 117. Rhh5 Rh7 118. Rfg5+ Kf6 119. Kh4 Rb1 120. Ra5 Rh1+ 121. Kg3 Rh8 122. Ra6+ Kg7 123. Rg5+ Kf7 124. Rf5+ Ke7 125. g5 Rb8 126. g6 Rh6 127. Rf7+ Ke8 128. Re6+ Kd8 129. g7 1-0

[Event "Coventry International"]
[Site "Coventry"]
[Date "2025.10.27"]
[Round "3.11"]
[White "Turner, Max N"]
[Black "Zhang, Junyi"]
[Result "1/2-1/2"]
[WhiteElo "2255"]
[BlackElo "2058"]
[PlyCount "75"]
[EventDate "2025.10.26"]
[EventType "swiss"]
[EventRounds "9"]
[EventCountry "ENG"]
[SourceTitle "BritBase"]
[Source "John Saunders"]
[SourceDate "2025.10.31"]
[SourceVersion "1"]
[SourceVersionDate "2025.10.31"]
[SourceQuality "1"]

1. d4 Nf6 2. c4 e6 3. Nf3 d5 4. g3 dxc4 5. Bg2 c5 6. O-O Nc6 7. dxc5 Qxd1 8. Rxd1 Bxc5 9. Nbd2 c3 10. bxc3 O-O 11. c4 Rd8 12. Bb2 Bd7 13. Nb3 Be7 14. Nfd4 Be8 15. Nxc6 Bxc6 16. Bxc6 bxc6 17. Bc3 Kf8 18. f3 Rxd1+ 19. Rxd1 Rd8 20. Rc1 Nd7 21. Na5 Rc8 22. Rb1 Bc5+ 23. Kg2 g6 24. Rb7 Ke8 25. Rb2 Nb6 26. Rc2 Ke7 27. Be5 f6 28. Bf4 e5 29. Bd2 Ke6 30. Nb3 Be7 31. Kf2 Nd7 32. Be3 Rc7 33. Ke1 Bb4+ 34. Bd2 Bxd2+ 35. Kxd2 c5 36. Kc3 Nb6 37. Rd2 Na4+ 38. Kc2 1/2-1/2

[Event "Coventry International"]
[Site "Coventry"]
[Date "2025.10.27"]
[Round "3.12"]
[White "Lohia, Sohum"]
[Black "Doran, Chris"]
[Result "1-0"]
[WhiteElo "2391"]
[BlackElo "1972"]
[PlyCount "129"]
[EventDate "2025.10.26"]
[EventType "swiss"]
[EventRounds "9"]
[EventCountry "ENG"]
[SourceTitle "BritBase"]
[Source "John Saunders"]
[SourceDate "2025.10.31"]
[SourceVersion "1"]
[SourceVersionDate "2025.10.31"]
[SourceQuality "1"]

1. e4 c5 2. Nf3 d6 3. d4 cxd4 4. Nxd4 Nf6 5. Nc3 g6 6. Be3 Bg7 7. f3 Nc6 8. Qd2 O-O 9. O-O-O d5 10. exd5 Nxd5 11. Nxc6 bxc6 12. Bd4 Nxc3 13. Qxc3 Bh6+ 14. Be3 Bxe3+ 15. Qxe3 Qb6 16. Re1 Be6 17. h4 Rab8 18. b3 a5 19. h5 Qxe3+ 20. Rxe3 a4 21. hxg6 hxg6 22. Rh4 axb3 23. cxb3 Rb6 24. Bc4 Bxc4 25. Rxc4 e6 26. a4 Ra8 27. Rec3 Raa6 28. Kb2 Kf8 29. Ka3 Ke7 30. b4 Kd6 31. Rd3+ Ke7 32. Kb3 Rb7 33. Rc5 Rba7 34. a5 Rb7 35. Ka4 Rba7 36. Rc1 Rb7 37. Rdc3 Kd6 38. Rc5 Rba7 39. Rh1 Ra8 40. Kb3 Ke7 41. Rhc1 Kd6 42. R5c4 R8a7 43. Rh4 Rb7 44. Rc5 Rb8 45. Kc3 Ke7 46. Rhc4 Kd6 47. Rd4+ Ke7 48. Rd2 Rb7 49. Kb3 Rba7 50. Ka4 Ra8 51. Rc4 Rb8 52. Rcd4 Rb7 53. Rd8 Rba7 54. Rc8 Rb7 55. Rdd8 Rba7 56. Rd1 Rb7 57. Rd2 Rba7 58. Kb3 Rb7 59. Kc4 Rd7 60. Rxd7+ Kxd7 61. Rf8 Ke7 62. Rb8 Kd6 63. Rd8+ Kc7 64. Rf8 f5 65. Kc5 1-0

[Event "Coventry International"]
[Site "Coventry"]
[Date "2025.10.27"]
[Round "3.13"]
[White "Udovenko, Daniel Alexander"]
[Black "Vijayakumar, Rishi"]
[Result "0-1"]
[WhiteElo "1945"]
[BlackElo "2300"]
[PlyCount "42"]
[EventDate "2025.10.26"]
[EventType "swiss"]
[EventRounds "9"]
[EventCountry "ENG"]
[SourceTitle "BritBase"]
[Source "John Saunders"]
[SourceDate "2025.10.31"]
[SourceVersion "1"]
[SourceVersionDate "2025.10.31"]
[SourceQuality "1"]

1. e4 e5 2. Nf3 Nc6 3. d4 exd4 4. Nxd4 Nf6 5. Nc3 Bb4 6. Nxc6 bxc6 7. Bd3 d5 8. Bd2 O-O 9. O-O Bg4 10. Qc1 Bxc3 11. Bxc3 dxe4 12. Bxf6 Qxf6 13. Bxe4 Rfe8 14. Re1 Re6 15. f3 Rae8 16. Rf1 Bf5 17. Bxf5 Qxf5 18. Qd2 Re2 19. Rae1 Qc5+ 20. Kh1 Qf2 21. Rg1 Qxe1 0-1

[Event "Coventry International"]
[Site "Coventry"]
[Date "2025.10.27"]
[Round "3.14"]
[White "Berry, Neil"]
[Black "Lishoy Gengis Paratazham, Dildarav"]
[Result "1/2-1/2"]
[WhiteElo "2266"]
[BlackElo "2017"]
[PlyCount "57"]
[EventDate "2025.10.26"]
[EventType "swiss"]
[EventRounds "9"]
[EventCountry "ENG"]
[SourceTitle "BritBase"]
[Source "John Saunders"]
[SourceDate "2025.10.31"]
[SourceVersion "1"]
[SourceVersionDate "2025.10.31"]
[SourceQuality "1"]

1. d4 Nf6 2. c4 e6 3. Nf3 Bb4+ 4. Nbd2 O-O 5. a3 Be7 6. e4 d6 7. Be2 Nbd7 8. O-O e5 9. b4 a5 10. Bb2 c6 11. Qc2 Qc7 12. Rfd1 Re8 13. Nf1 b6 14. Ng3 Bf8 15. Bc3 Bb7 16. Rac1 axb4 17. axb4 Ra7 18. Ra1 Rxa1 19. Rxa1 exd4 20. Nxd4 d5 21. exd5 cxd5 22. Ra7 Ra8 23. Nb5 Qb8 24. Qa2 Rxa7 25. Qxa7 Qxa7 26. Nxa7 dxc4 27. Bxc4 Nd5 28. Bxd5 Bxd5 29. Nf5 1/2-1/2

[Event "Coventry International"]
[Site "Coventry"]
[Date "2025.10.27"]
[Round "3.15"]
[White "Moyse, Nigel J"]
[Black "Navrotescu, Andreea-Cristiana"]
[Result "0-1"]
[WhiteElo "1926"]
[BlackElo "2257"]
[PlyCount "68"]
[EventDate "2025.10.26"]
[EventType "swiss"]
[EventRounds "9"]
[EventCountry "ENG"]
[SourceTitle "BritBase"]
[Source "John Saunders"]
[SourceDate "2025.10.31"]
[SourceVersion "1"]
[SourceVersionDate "2025.10.31"]
[SourceQuality "1"]

1. d4 Nf6 2. Nf3 g6 3. Bf4 Bg7 4. e3 O-O 5. Be2 d6 6. h3 b6 7. O-O Bb7 8. c4 Nbd7 9. Nc3 Re8 10. Bh2 e5 11. b4 a5 12. a3 exd4 13. exd4 Ne4 14. Nb5 Ndf6 15. c5 axb4 16. axb4 c6 17. Rxa8 Bxa8 18. Nxd6 Nc3 19. Nxe8 Qxe8 20. Qa1 Nxe2+ 21. Kh1 Ne4 22. Qb2 Bb7 23. Be5 Bxe5 24. Qxe2 Bf4 25. Re1 f5 26. Kg1 bxc5 27. bxc5 Qa8 28. Qc4+ Kg7 29. g3 Qa3 30. Qe2 Ba6 31. Qd1 Bc7 32. Re3 Qa2 33. Rxe4 fxe4 34. Ng5 e3 0-1

[Event "Coventry International"]
[Site "Coventry"]
[Date "2025.10.27"]
[Round "3.16"]
[White "Sieczkowski, Adam"]
[Black "Fellowes, Billy"]
[Result "1-0"]
[WhiteElo "1909"]
[BlackElo "2184"]
[PlyCount "75"]
[EventDate "2025.10.26"]
[EventType "swiss"]
[EventRounds "9"]
[EventCountry "ENG"]
[SourceTitle "BritBase"]
[Source "John Saunders"]
[SourceDate "2025.10.31"]
[SourceVersion "1"]
[SourceVersionDate "2025.10.31"]
[SourceQuality "1"]

1. e4 Nc6 2. d4 d5 3. e5 Bf5 4. Nf3 e6 5. c3 f6 6. Bb5 Nge7 7. exf6 gxf6 8. Nh4 Qd7 9. Qh5+ Bg6 10. Nxg6 Nxg6 11. O-O a6 12. Bd3 Nce7 13. f4 f5 14. Re1 Bg7 15. Nd2 O-O 16. Nf3 Bf6 17. g4 fxg4 18. Qxg4 Nf5 19. Ng5 Bxg5 20. fxg5 Rf7 21. Bf4 Raf8 22. Be5 Nxe5 23. Rxe5 Rg7 24. Kh1 h6 25. g6 Rf6 26. Rg1 b6 27. Qh5 c5 28. Bxf5 exf5 29. Qxh6 Qc6 30. Rge1 Rf8 31. Re6 Qd7 32. Qh4 f4 33. Re7 Qf5 34. Rxg7+ Kxg7 35. Re7+ Kxg6 36. Qh7+ Kg5 37. Rg7+ Kf6 38. Qh6+ 1-0

[Event "Coventry International"]
[Site "Coventry"]
[Date "2025.10.27"]
[Round "3.17"]
[White "Verma, Aditya"]
[Black "Keerthi Kumar, Advait"]
[Result "1-0"]
[WhiteElo "2164"]
[BlackElo "1968"]
[PlyCount "119"]
[EventDate "2025.10.26"]
[EventType "swiss"]
[EventRounds "9"]
[EventCountry "ENG"]
[SourceTitle "BritBase"]
[Source "John Saunders"]
[SourceDate "2025.10.31"]
[SourceVersion "1"]
[SourceVersionDate "2025.10.31"]
[SourceQuality "1"]

1. e4 c6 2. d4 d5 3. exd5 cxd5 4. Bd3 Nc6 5. c3 e5 6. dxe5 Nxe5 7. Bb5+ Nc6 8. Nf3 Bc5 9. O-O Nge7 10. Nbd2 a6 11. Bd3 O-O 12. Nb3 Bd6 13. h3 h6 14. Be3 Ne5 15. Nxe5 Bxe5 16. Re1 Nc6 17. Qh5 Qf6 18. Rad1 Be6 19. Bb1 Rfd8 20. Nd4 Rac8 21. Nxc6 bxc6 22. Bxh6 Qxh6 23. Qxh6 Bh2+ 24. Kxh2 gxh6 25. f4 Rb8 26. Rd2 Kf8 27. Re5 Re8 28. Rde2 a5 29. Rh5 Kg7 30. Rhe5 Kf6 31. g4 a4 32. a3 Bd7 33. Rxe8 Bxe8 34. h4 Bd7 35. g5+ hxg5 36. fxg5+ Kg7 37. h5 Bg4 38. h6+ Kf8 39. Rf2 Ke7 40. Kg3 Be6 41. h7 c5 42. Rh2 Rh8 43. Kf4 Kd6 44. Rh6 c4 45. Bc2 d4 46. cxd4 Kd5 47. Ke3 c3 48. bxc3 Kc4 49. Rxe6 Kxc3 50. Rc6+ Kb2 51. Bxa4 Rxh7 52. Rf6 Kxa3 53. Be8 Rh5 54. Kf4 Rh4+ 55. Ke5 Rg4 56. Rf5 Kb4 57. Bxf7 Kc3 58. g6 Kd3 59. Kf6 Ke4 60. d5 1-0

[Event "Coventry International"]
[Site "Coventry"]
[Date "2025.10.27"]
[Round "3.18"]
[White "Liu, Jacob"]
[Black "Kanyamarala, Trisha"]
[Result "0-1"]
[WhiteElo "1902"]
[BlackElo "2149"]
[PlyCount "109"]
[EventDate "2025.10.26"]
[EventType "swiss"]
[EventRounds "9"]
[EventCountry "ENG"]
[SourceTitle "BritBase"]
[Source "John Saunders"]
[SourceDate "2025.10.31"]
[SourceVersion "1"]
[SourceVersionDate "2025.10.31"]
[SourceQuality "1"]

1. e4 c5 2. Nf3 d6 3. d4 cxd4 4. Nxd4 Nf6 5. Nc3 Bd7 6. Bg5 e6 7. Qd2 a6 8. f3 b5 9. O-O-O Be7 10. Kb1 b4 11. Nce2 Nxe4 12. fxe4 Bxg5 13. Qxb4 Qc7 14. Rd3 O-O 15. Rg3 Be7 16. Nf4 Qc5 17. Qxc5 dxc5 18. Nb3 Bd6 19. Rf3 Bc6 20. Bd3 Nd7 21. Rd1 Ne5 22. Re3 Ng4 23. Rf3 Nxh2 24. Rf2 Ng4 25. Rf3 Ne5 26. Re3 Nxd3 27. Nxd3 c4 28. Na5 Bb5 29. Ne1 Bb4 30. Nb7 Rab8 31. c3 Be7 32. Nd6 Ba4 33. Rd4 Bb5 34. Nxc4 Bc5 35. Ne5 f6 36. N5f3 e5 37. Rdd3 Bxe3 38. Rxe3 Rfd8 39. Kc2 a5 40. Nh4 a4 41. Nf5 Rb7 42. Rg3 Bc4 43. Ne3 Bxa2 44. Nf3 Bb3+ 45. Kc1 Rbd7 46. Nd5 Bxd5 47. exd5 Rxd5 48. Kc2 f5 49. Rg5 g6 50. Nh4 Rd2+ 51. Kb1 Rb8 52. b4 axb3 53. Nxf5 b2 54. Ne3 Re2 55. Nc2 0-1

[Event "Coventry International"]
[Site "Coventry"]
[Date "2025.10.27"]
[Round "3.19"]
[White "Latt, Maung M"]
[Black "Young, Daniel J"]
[Result "0-1"]
[WhiteElo "2140"]
[BlackElo "1933"]
[PlyCount "110"]
[EventDate "2025.10.26"]
[EventType "swiss"]
[EventRounds "9"]
[EventCountry "ENG"]
[SourceTitle "BritBase"]
[Source "John Saunders"]
[SourceDate "2025.10.31"]
[SourceVersion "1"]
[SourceVersionDate "2025.10.31"]
[SourceQuality "1"]

1. d4 Nf6 2. Nf3 d5 3. e3 c5 4. b3 cxd4 5. exd4 Nc6 6. Be2 g6 7. O-O Bg7 8. h3 O-O 9. Bb2 Bf5 10. c4 dxc4 11. bxc4 Qb6 12. Qb3 Ne4 13. Qxb6 axb6 14. g4 Bc8 15. Kg2 Rd8 16. Rd1 Nc5 17. Nc3 Nxd4 18. Nb5 Nc6 19. Rxd8+ Nxd8 20. Nc7 Ra5 21. Bxg7 Kxg7 22. Nd5 Nc6 23. Nxb6 Be6 24. Bf1 Ra3 25. Nd5 b5 26. Ne3 b4 27. Nc2 Ra4 28. Nd2 g5 29. f3 h6 30. Kf2 Ra8 31. Nb3 Nxb3 32. axb3 Rxa1 33. Nxa1 Kf6 34. Ke3 Ke5 35. Nc2 f5 36. Be2 f4+ 37. Kd2 Nd4 38. Nxb4 Nxb3+ 39. Kc3 Nc5 40. Nc6+ Kd6 41. Nd4 Bd7 42. Nc2 e5 43. Nb4 Ne6 44. Nd5 Nd4 45. Kd3 Bc6 46. Nf6 Nxf3 47. Bxf3 Bxf3 48. Ng8 e4+ 49. Kd4 e3 50. Kd3 Bg2 51. Ke2 Ke5 52. Nxh6 Ke4 53. Nf5 f3+ 54. Ke1 f2+ 55. Ke2 f1=Q# 0-1

[Event "Coventry International"]
[Site "Coventry"]
[Date "2025.10.27"]
[Round "3.20"]
[White "Vaidyanathan, Adithya"]
[Black "Moss, Jack O"]
[Result "1/2-1/2"]
[WhiteElo "2129"]
[BlackElo "1886"]
[PlyCount "42"]
[EventDate "2025.10.26"]
[EventType "swiss"]
[EventRounds "9"]
[EventCountry "ENG"]
[SourceTitle "BritBase"]
[Source "John Saunders"]
[SourceDate "2025.10.31"]
[SourceVersion "1"]
[SourceVersionDate "2025.10.31"]
[SourceQuality "1"]

1. d4 d5 2. c4 c6 3. Nc3 Nf6 4. Nf3 dxc4 5. a4 Bf5 6. Ne5 e6 7. f3 Bb4 8. e4 Bxe4 9. fxe4 Nxe4 10. Qf3 Qxd4 11. Qxf7+ Kd8 12. Bg5+ Kc8 13. Qxe6+ Nd7 14. Nxd7 Nxg5 15. Nb6+ Kc7 16. Qxc4 Rae8+ 17. Be2 Rxe2+ 18. Kxe2 Re8+ 19. Kf1 Rf8+ 20. Ke1 Re8+ 21. Kf1 Rf8+ 1/2-1/2

[Event "Coventry International"]
[Site "Coventry"]
[Date "2025.10.27"]
[Round "3.21"]
[White "Sherwood, Gabriel"]
[Black "Dicen, Elis Denele"]
[Result "0-1"]
[WhiteElo "1851"]
[BlackElo "2123"]
[PlyCount "86"]
[EventDate "2025.10.26"]
[EventType "swiss"]
[EventRounds "9"]
[EventCountry "ENG"]
[SourceTitle "BritBase"]
[Source "John Saunders"]
[SourceDate "2025.10.31"]
[SourceVersion "1"]
[SourceVersionDate "2025.10.31"]
[SourceQuality "1"]

1. e4 c5 2. Nc3 g6 3. g3 Bg7 4. Bg2 Nc6 5. d3 d6 6. Nge2 e6 7. Be3 Nd4 8. O-O Ne7 9. Qd2 O-O 10. Nd1 d5 11. Nxd4 cxd4 12. Bh6 dxe4 13. Bxg7 Kxg7 14. dxe4 Nc6 15. b3 Qe7 16. Nb2 Rd8 17. Nd3 Bd7 18. f4 f6 19. Rae1 e5 20. Rf2 Rac8 21. Ref1 Rf8 22. b4 b5 23. a3 Be6 24. h4 Bc4 25. Bh3 Rce8 26. f5 Rf7 27. Qd1 Rg8 28. Kh2 Kh8 29. fxg6 hxg6 30. h5 gxh5 31. Bf5 Rg5 32. g4 hxg4 33. Kg3 Kg8 34. Rh1 Be6 35. Rfh2 Rfg7 36. Rh8+ Kf7 37. Qb1 Qd6 38. Bxe6+ Qxe6 39. Nc5 Qc4 40. Qb2 f5 41. Rc8 f4+ 42. Kf2 g3+ 43. Kf3 g2 0-1

[Event "Coventry International"]
[Site "Coventry"]
[Date "2025.10.27"]
[Round "3.22"]
[White "Hanache, Kai"]
[Black "Gunarathne, Senith"]
[Result "1-0"]
[WhiteElo "2122"]
[BlackElo "1849"]
[PlyCount "107"]
[EventDate "2025.10.26"]
[EventType "swiss"]
[EventRounds "9"]
[EventCountry "ENG"]
[SourceTitle "BritBase"]
[Source "John Saunders"]
[SourceDate "2025.10.31"]
[SourceVersion "1"]
[SourceVersionDate "2025.10.31"]
[SourceQuality "1"]

1. e4 c5 2. Nf3 d6 3. d4 cxd4 4. Nxd4 Nf6 5. Nc3 a6 6. h3 e5 7. Nde2 h5 8. g3 Be6 9. Bg2 Nbd7 10. O-O Be7 11. b3 b5 12. Be3 b4 13. Na4 Qa5 14. a3 bxa3 15. Nec3 Rc8 16. Nd5 Nxd5 17. exd5 Bf5 18. c3 Bd8 19. Rxa3 Qb5 20. Re1 Nf6 21. Bf1 Qxd5 22. Bxa6 Qxd1 23. Rxd1 Ra8 24. Bb7 Rb8 25. Bc6+ Ke7 26. Nc5 Rc8 27. Ra7+ Kf8 28. Bb7 Rc7 29. Rxd6 Be7 30. Ra8+ Ne8 31. Rc6 Rxb7 32. Nxb7 f6 33. Kh2 Kf7 34. Ra7 Kg6 35. Nc5 Bxc5 36. Bxc5 Kg5 37. Be3+ Kg6 38. Re7 e4 39. b4 Nd6 40. Rxd6 Rc8 41. Bc5 e3 42. Rxe3 h4 43. gxh4 Rh8 44. Rd5 Bc8 45. h5+ Kh6 46. Re7 f5 47. Be3+ Kxh5 48. Rxg7 Kh4 49. Rd4+ f4 50. Bxf4 Kh5 51. Rd5+ Bf5 52. Rxf5+ Kh4 53. Rh7+ Rxh7 54. Bg3# 1-0

[Event "Coventry International"]
[Site "Coventry"]
[Date "2025.10.27"]
[Round "3.23"]
[White "Roberts, Paul E"]
[Black "Dissanayake, Sathsara"]
[Result "1-0"]
[WhiteElo "2098"]
[BlackElo "1845"]
[PlyCount "65"]
[EventDate "2025.10.26"]
[EventType "swiss"]
[EventRounds "9"]
[EventCountry "ENG"]
[SourceTitle "BritBase"]
[Source "John Saunders"]
[SourceDate "2025.10.31"]
[SourceVersion "1"]
[SourceVersionDate "2025.10.31"]
[SourceQuality "1"]

1. e4 c5 2. Nf3 e6 3. c3 a6 4. d4 cxd4 5. cxd4 d5 6. e5 Nc6 7. Nc3 Bb4 8. Bd3 Nge7 9. a3 Ba5 10. b4 Bb6 11. Be3 h6 12. Na4 Ba7 13. Rc1 Bd7 14. O-O O-O 15. Nc5 Bxc5 16. Rxc5 f6 17. exf6 Rxf6 18. Ne5 Nf5 19. Nxc6 Bxc6 20. Bf4 Qd7 21. Be5 Rff8 22. Re1 Qf7 23. Qd2 Qh5 24. Bc2 Rad8 25. Rc3 Nd6 26. Rh3 Qf7 27. Rf3 Qe7 28. Rg3 g5 29. Bxd6 Qxd6 30. Rxg5+ hxg5 31. Qxg5+ Kf7 32. Bg6+ Kg8 33. Bf5+ 1-0

[Event "Coventry International"]
[Site "Coventry"]
[Date "2025.10.27"]
[Round "3.24"]
[White "Tso, Chi Wai"]
[Black "Lebedev, Lion"]
[Result "0-1"]
[WhiteElo "1817"]
[BlackElo "2091"]
[PlyCount "132"]
[EventDate "2025.10.26"]
[EventType "swiss"]
[EventRounds "9"]
[EventCountry "ENG"]
[SourceTitle "BritBase"]
[Source "John Saunders"]
[SourceDate "2025.10.31"]
[SourceVersion "1"]
[SourceVersionDate "2025.10.31"]
[SourceQuality "1"]

1. d4 d5 2. c4 c6 3. Nf3 Nf6 4. Nc3 dxc4 5. a4 Bf5 6. e3 e6 7. Bxc4 Bb4 8. Bd2 O-O 9. O-O c5 10. dxc5 Nc6 11. Re1 Bxc5 12. e4 Bg4 13. Be3 Qe7 14. Bxc5 Qxc5 15. Be2 Rad8 16. Qc1 Bxf3 17. Bxf3 Nd4 18. Nd5 Nxf3+ 19. gxf3 Nd7 20. Qxc5 Nxc5 21. b4 Nb3 22. Ra3 Nd4 23. Rd3 Nc6 24. b5 Ne5 25. Ne7+ Kh8 26. Rc3 Rfe8 27. f4 Nd3 28. Rd1 Nxf4 29. Rxd8 Rxd8 30. Rc8 Rxc8 31. Nxc8 Ne2+ 32. Kg2 Nc3 33. Nd6 Kg8 34. a5 Kf8 35. b6 axb6 36. axb6 Ke7 37. Nxb7 Nxe4 38. f3 Nf6 39. Nc5 Nd7 40. b7 Nb8 41. Ne4 f5 42. Ng5 h6 43. Nh3 e5 44. Nf2 Kd6 45. Nd3 Kd5 46. Kf2 Kd4 47. Ke2 g5 48. h3 h5 49. Nf2 Nc6 50. Nd3 Nb8 51. Nf2 h4 52. Nd3 Nd7 53. Nf2 Nb8 54. Nd3 e4 55. fxe4 Kxe4 56. Nc5+ Kd5 57. Nd3 Ke4 58. Nc5+ Kd5 59. Nd3 Nd7 60. Nb4+ Ke4 61. Nc6 g4 62. b8=Q Nxb8 63. Nxb8 f4 64. Nd7 f3+ 65. Kf1 gxh3 66. Nc5+ Ke3 0-1